Fyzika pro osmý ročník : pokusná učebnice fyziky pro 8. ročník všeobecně vzdělávacích škol /

Hlavní autor: Voráček, Miroslav, 1912-
Jazyk: Čeština
Vydáno: Praha : Státní pedagogické nakladatelství, 1959
Vydání: 1. vyd.
Edice: Učebnice pro všeobecně vzdělávací školy
Témata:
Fyzický popis: 175 s. + 1 příl.
Knihy
Uloženo v:
LEADER 01087nam a2200265 a 4500
001 000415079
003 CZ BrMZK
005 20141104110651.0
007 ta
008 990307s1959 xr f cze d
040 |a BOA001  |b cze 
100 1 |a Voráček, Miroslav,  |d 1912-  |7 jk01150669  |4 aut 
245 1 0 |a Fyzika pro osmý ročník :  |b pokusná učebnice fyziky pro 8. ročník všeobecně vzdělávacích škol /  |c zpracoval: Miroslav Voráček 
246 1 |i Název v tiráži:  |a Fyzika 
250 |a 1. vyd. 
260 |a Praha :  |b Státní pedagogické nakladatelství,  |c 1959 
300 |a 175 s. +  |e 1 příl. 
490 1 |a Učebnice pro všeobecně vzdělávací školy 
653 0 |a fyzika 
830 0 |a Učebnice pro všeobecně vzdělávací školy  |0 s 
910 |a BOA001  |b 2-0420.863  |b PK-0131.960 
964 |a Fyzika - učebnice pokusné - školy základní 
990 |a BK 
996 6 |b 2619109231  |c 2-0420.863  |l MZK  |r Sklad / do 24 hodin  |n 0  |w 000415079  |u 000020  |a 1  |e BOA001  |j MZK50  |s P 
996 7 |b 3119016675  |c PK-0131.960  |l MZK  |r Sklad / do 1 hodiny  |n 2  |p dar  |w 000415079  |u 000010  |a 1  |e BOA001  |j MZK50  |s A